Primero lee 4° básico: Unidades 5-6-7: Programa Balanceado de Lectura y escritura comprensiva: Planificaciones diarias

Gespeichert in:
Bibliographische Detailangaben
1. Verfasser: Sin autor
Format: Buch
Sprache:Spanisch
Erschienen: s l Crecer con todos 2019
Katalog:MANES:  Suchergebnis im Bibliothekskatalog
Schulbuchspezifische Eigenschaften:
Tags: Tag hinzufügen
Keine Tags, Fügen Sie den ersten Tag hinzu!
Hinzugefügt zu:25.11.2025
Geändert in:26.11.2025

MARC

LEADER 00000nam a22000007a 4500
003 OSt
005 20251126194525.0
008 251126b |||||||| |||| 00| 0 spa d
040 |a centro_ manes  |c MGM 
100 |a Sin autor  |9 11659 
245 |a Primero lee 4° básico: Unidades 5-6-7: Programa Balanceado de Lectura y escritura comprensiva: Planificaciones diarias 
260 |a s l  |b Crecer con todos  |c 2019 
300 |a 33 p.  |c 21,5 x 28 cm.  
546 |a Chile  
561 |a Chile. Museo de la Educación Gabriela Mistral   |3 T. Lect/escr 0446   |5 cl-MGM   |k MANES  
690 0 |a EyL 
691 0 |a PRI 
942 |2 ddc  |c BK 
999 |c 105102  |d 105102 
999 |c manes:105102  |d 105102